| 000 | 00836cam a22002532 4500 | ||
|---|---|---|---|
| 001 | 0000023247 | ||
| 005 | 20151217152238.0 | ||
| 008 | 120919s xx 000 0 eng d | ||
| 020 | _a0073128993 | ||
| 040 |
_aKABU _cKABU |
||
| 100 | 1 |
_aAehlert, Barbara RN. _@0000182599 |
|
| 245 | 1 | 0 |
_aEmergency medical technician : _bEMT in action / _cBarbara Aehlert RN. |
| 250 | _a1st ed. | ||
| 260 |
_aBoston : _bMcGraw-Hill, _c2009. |
||
| 300 | _axxiv, 776 p. | ||
| 500 | _aPocket guide. | ||
| 650 | 0 |
_aEmergency treatment _xMethods. _@0000182600 |
|
| 650 | 0 |
_aEmergency medical service _xmethods. _@0000182601 |
|
| 908 | _a120919 | ||
| 950 | _@1 | ||
| 999 |
_c9760 _d9760 |
||